000 00510nam a22001217a 4500
999 _c21349
_d21349
008 240906b ||||| |||| 00| 0 eng d
100 _aPañares, Alice A.
_eauthor.
_960265
245 _aInnotech, eccd council, and deped conclude stepp project phase 1 in the Philippines /
_cAlice A. Pañares.
260 _aPhilippines;
_bPublishers Association of the Philippines, Inc.,
_cJuly 2019.
300 _aVolume 168, pages 53-54,
_billustration.
700 _aPañares, Alice A.
_eauthor.
_960265
942 _2ddc
_cPER